Outlines of political science (Record no. 118527)
[ view plain ]
| 000 -LEADER | |
|---|---|
| fixed length control field | 00550nam a2200229Ia 4500 |
| 003 - CONTROL NUMBER IDENTIFIER | |
| control field | OSt |
| 005 - DATE AND TIME OF LATEST TRANSACTION | |
| control field | 20231110103920.0 |
| 008 - FIXED-LENGTH DATA ELEMENTS--GENERAL INFORMATION | |
| fixed length control field | 210210b1959 xxu||||| |||| 00| 0 eng d |
| 040 ## - CATALOGING SOURCE | |
| Transcribing agency | AL |
| 041 ## - LANGUAGE CODE | |
| Language code of text/sound track or separate title | eng |
| 082 ## - DEWEY DECIMAL CLASSIFICATION NUMBER | |
| Classification number | 320/556 |
| 100 ## - MAIN ENTRY--PERSONAL NAME | |
| Personal name | SINHA (H N) |
| 9 (RLIN) | 141439 |
| 245 ## - TITLE STATEMENT | |
| Title | Outlines of political science |
| 260 ## - PUBLICATION, DISTRIBUTION, ETC. | |
| Name of publisher, distributor, etc. | Not Mentioned |
| Date of publication, distribution, etc. | 1959 |
| 650 ## - SUBJECT ADDED ENTRY--TOPICAL TERM | |
| Topical term or geographic name entry element | science |
| 9 (RLIN) | 141440 |
| 650 ## - SUBJECT ADDED ENTRY--TOPICAL TERM | |
| Topical term or geographic name entry element | political |
| 9 (RLIN) | 141441 |
| 650 ## - SUBJECT ADDED ENTRY--TOPICAL TERM | |
| Topical term or geographic name entry element | Outlines |
| 9 (RLIN) | 141442 |
| 650 ## - SUBJECT ADDED ENTRY--TOPICAL TERM | |
| Topical term or geographic name entry element | of |
| 9 (RLIN) | 141443 |
| 690 ## - LOCAL SUBJECT ADDED ENTRY--TOPICAL TERM (OCLC, RLIN) | |
| Topical term or geographic name as entry element | Political Science |
| 9 (RLIN) | 141444 |
| 906 ## - LOCAL DATA ELEMENT F, LDF (RLIN) | |
| a | 003190 |
| 942 ## - ADDED ENTRY ELEMENTS (KOHA) | |
| Source of classification or shelving scheme | Dewey Decimal Classification |
| Koha item type | Book |
| Withdrawn status | Lost status | Damaged status | Not for loan | Collection code | Home library | Current library | Shelving location | Date acquired | Cost, normal purchase price | Total Checkouts | Full call number | Barcode | Date last seen | Price effective from | Koha item type |
|---|---|---|---|---|---|---|---|---|---|---|---|---|---|---|---|
| Restricted Book | St Aloysius Library | St Aloysius Library | 02/17/2021 | 0.00 | 320/556 | 003190 | 02/17/2021 | 02/17/2021 | Book | ||||||
| Restricted Book | St Aloysius Library | St Aloysius Library | 02/17/2021 | 0.00 | 320/557 | 003191 | 02/17/2021 | 02/17/2021 | Book |